Certifikáty Cambridgeských skúšok Víťazstvo po anglicky

Bibliographic Details
Main Author: Pančurová, Anna (Author)
Format: Article
Language:Slovak
Subjects:

MARC

LEADER 00000nab a2200000 a 4500
001 vtls000915888
003 SK-MaSNL
005 20260426063942.0
008 040720e19921125xo 0 slo
035 |a KE24771 
040 |a KEVKJB  |b slo  |c KEVKJB  |e AACR2 
041 0 |a slo 
044 |a xo  |c SK 
080 |a 378.4(410)  |2 1981 
100 1 |a Pančurová, Anna  |4 aut  |9 877307 
245 1 0 |a Certifikáty Cambridgeských skúšok  |b Víťazstvo po anglicky 
610 2 7 |a University of Cambridge  |2 KEVKJB  |9 70180 
610 2 7 |a Centrum Britskej rady (Košice, Slovensko)  |2 KEVKJB  |9 880894 
610 2 7 |a Jakabov palác (Košice, Slovensko)  |2 KEVKJB  |9 29729 
650 0 7 |a jazykové skúšky  |2 KEVKJB  |9 71343 
650 0 7 |a angličtina  |2 KEVKJB  |9 1260 
650 0 7 |a certifikáty  |2 KEVKJB  |9 16170 
773 0 8 |t Košický večer  |g Roč. 3  |g Roč. 28, č.231, 25.11.1992, s. 1 
852 |a ZVYKNI  |b KIS3GCP 
999 |c 2571021  |d 2572951